ՀՀ Գիտությունների ազգային ակադեմիայի հիմնարար գիտական գրադարան  =   Fundamental Scientific Library of NAS RA

Հունգարական Ժողովրդական Հանրապետություն : (Record no. 10869)

MARC details
000 -LEADER
fixed length control field 01115nam a2200241 a 4500
001 - CONTROL NUMBER
control field 000025999
003 - CONTROL NUMBER IDENTIFIER
control field AM-YEHGA
005 - DATE AND TIME OF LATEST TRANSACTION
control field 20250618070901.0
008 - FIXED-LENGTH DATA ELEMENTS--GENERAL INFORMATION
fixed length control field 001206s1983 ai a|||gr|||||||||0|arm|d
040 ## - CATALOGING SOURCE
Original cataloging agency AM-YeHGA
041 1# - LANGUAGE CODE
Language code of text/sound track or separate title arm
090 ## - LOCALLY ASSIGNED LC-TYPE CALL NUMBER (OCLC); LOCAL CALL NUMBER (RLIN)
-- 10949
100 1# - MAIN ENTRY--PERSONAL NAME
Personal name Իվանով, Կրասարմ Իվանովիչ
245 10 - TITLE STATEMENT
Title Հունգարական Ժողովրդական Հանրապետություն :
Remainder of title Տեղեկագիրք /
Statement of responsibility, etc. Կ.Ի. Իվանով, Վ.Ի. Պունտուս ; Թարգմ.՝ Լ.Տ. Սարգսյան ; Խմբ.՝ Ա.Ս. Վարդազարյան.
260 ## - PUBLICATION, DISTRIBUTION, ETC.
Place of publication, distribution, etc. Երևան :
Name of publisher, distributor, etc. Հայաստան,
Date of publication, distribution, etc. 1983.
300 ## - PHYSICAL DESCRIPTION
Extent 136 էջ ;
Dimensions 8թ. նկ. ;
-- 16 սմ.
500 ## - GENERAL NOTE
General note Տիտղթ.-ին՝ 1982թ.
650 14 - SUBJECT ADDED ENTRY--TOPICAL TERM
Topical term or geographic name entry element Քաղաքական, տնտեսական և մշակութային կյանքը առանձին տարածքներում և երկրներում
700 1# - ADDED ENTRY--PERSONAL NAME
Personal name Պունտուս, Վլադլեն Իվանովիչ
700 1# - ADDED ENTRY--PERSONAL NAME
Personal name Սարգսյան, Լիպարիտ Տիգրանի,
Dates associated with a name 1938-2023
Relator term թարգմ.
Relationship trl
9 (RLIN) 1060
700 1# - ADDED ENTRY--PERSONAL NAME
Personal name Վարդազարյան, Ա.Ս.
Relator term խմբ.
Relationship edt
942 ## - ADDED ENTRY ELEMENTS (KOHA)
Source of classification or shelving scheme Universal Decimal Classification
Koha item type Գրքեր / Books
Holdings
Withdrawn status Lost status Damaged status Not for loan Collection Home library Current library Date acquired Total checkouts Full call number Barcode Date last seen Cost, replacement price Price effective from Koha item type Public note
        General Fundamental Scientific Library Fundamental Scientific Library 21/12/2016   AI/17250 FL0058790 21/12/2016 20.00 21/12/2016 Գրքեր / Books 30 Days Loan
        General Fundamental Scientific Library Fundamental Scientific Library 21/12/2016   AI/17251 FL0058791 21/12/2016 20.00 21/12/2016 Գրքեր / Books 30 Days Loan


ՀՀ ԳԱԱ հիմնարար գիտական գրադարան
ՀՀ,Երևան 0019
Մարշալ Բաղրամյան 24/6
հեռախոս:(374-10) 52-47-50
Հետադարձ կապ

All site content, except where otherwise noted, is licensed under a
Creative Commons License